Los fusilamientos

Saved in:
書目詳細資料
主要作者: Gálvez Rivadeneira, Guillermo (Author)
格式: 圖書
語言:西班牙语
出版: Santiago Quimantú 1972
版:1a. ed
叢編:Nosotros los Chilenos, 29
主題:
標簽: 添加標簽
沒有標簽, 成為第一個標記此記錄!

MARC

LEADER 00000cam a2200000 a 4500
001 UCC5766
003 CL-VaPUC
008 181026e19720000cl |||||||||||||||||spa|d
082 0 4 |a 364.66093  |b GAL  |2 21 
100 0 |a Gálvez Rivadeneira, Guillermo  |e author  |9 600122 
245 1 4 |a Los fusilamientos 
250 |a 1a. ed 
300 |a 95 p 
942 |c BK 
945 |d 20181026 16:22:00  |a dcastane 
260 |a Santiago  |b Quimantú  |c 1972 
650 0 |a Pena de muerte  |9 256612 
650 0 |a Historia de Chile siglo 20  |9 268145 
650 7 |a FUSILAMIENTOS  |2 CL-VaPUC  |9 508739 
583 |a last modification  |c 20181026 16:22:00  |k Rodrigo Vera 
490 0 |a Nosotros los Chilenos, 29 
999 |c 372880  |d 372878 
952 |0 0  |1 0  |2 ddc  |3 erb  |4 0  |6 364_660930000000000_GAL_1972  |7 0  |8 A  |9 490754  |a BIBDER  |b BIBDER  |e Mateluna Arestizabal, Alfredo Sergio  |i 5490588  |o 364.66093 GAL 1972  |p 5490588  |r 2023-01-25  |w 2019-11-24  |y MX  |z Catalogado en:20181026  |k DER